| 000 | 01037nam a22002297a 4500 | ||
|---|---|---|---|
| 001 | 6922 | ||
| 003 | FISKH | ||
| 005 | 20250606164947.0 | ||
| 008 | 250606b cb ||||| |||| 00| 0 eng d | ||
| 020 | _a9789995001223 | ||
| 040 |
_aFISKH _bkhr _cFISKH _dFISKH |
||
| 082 | _a510 | ||
| 100 | _aSomony, Ouk | ||
| 245 |
_aគណិតវិទ្យា ថ្នាក់ទី ៨ / _cលោកស្រី អ៊ុក សុមុនី ,លោក ប៊ូ សន ,លោក ព្រំ ងួន និង លោក នូ រ៉េត |
||
| 250 | _aបោះពុម្ពឆ្នាំ ២០១៧ | ||
| 260 |
_aភ្នំពេញ : _bគ្រឺះស្ថានបោះពុម្ពនិងចែកផ្សាយ , _c២០១៧ . |
||
| 300 |
_a234 pages : _billustrations ; _c25 cm . |
||
| 520 | _a"The Grade 8 Mathematics textbook is designed for 8th-grade students to develop knowledge and skills in mathematics." | ||
| 700 |
_aSatya, Chom _eIllustrations |
||
| 942 |
_2ddc _cKHB _n0 |
||
| 999 |
_c6922 _d6922 |
||